000 00630nam a2200217Ia 4500
003 OSt
005 20230425143106.0
008 210423s2011 xx 000 0 und d
020 _a8124201706
040 _cAL
041 _aeng
082 _a658.15
_223
_bLYND
100 _aLYNCH (David).
_992656
245 _aArt and science of financial management: quality in the finance function V4.
260 _aNew Delhi
_bCrest Publishing House
_c2011
300 _aix,223
_bPB
365 _b1142
_cINR
440 _v4
906 _aArt ; finance ; financial ; function ; management: ; quality ; science ; V4.
942 _2ddc
_cBK
999 _c161025
_d161025